000 00424nam a2200181Ia 4500
005 20240731115011.0
008 131103s9999 xx 000 0 und d
040 _aLoreto College
041 _aEnglish
082 _a821
_bWIL
245 _aModern verse
260 _aNew York
_bWashington Square
_c1958
300 _a638p.
504 _aIncludes inddex
650 _aEnglish poetry
850 _aLCBED
942 _cBK
999 _c29755
_d80234